000
00253nam a2200097Ia 4500
001
646797
005
20250826153649.0
008
250824s9999 xx 000 0 und d
245
0
_a
HEİDİ GENÇLİK KLASİKLERİ
_c
JOHANNAS PYRI
260
_b
TİMAŞ ÇOCUK
999
_c
646797
_d
646797